000 00607cam a2200229 4500
008 090401t1990 xxu||||| |||| 00| 0 eng d
020 _a0421387505
035 _a(Sirsi) u76561
041 _aeng
050 _a346.4104344
100 _aDavey, Martin
245 _aResidential rents
260 _aLondon
_bSweet and Maxwell
_c1990
300 _axxxv,249p. ; 25cm.
350 _a35
650 _aASSURED TENANCIES
650 _aFAIR RENTS
650 _aRENT
650 _aPROPERTY-RESIDENTIAL PROPERTY-RESIDENTIAL LANDLORD AND TENANT-RESIDENTIAL TENANCIES
942 _n0
948 _c04/03/1997
999 _c96207
_d96207